Loading...
Childhood social development; The essentialreadings. /
| Main Author: | |
|---|---|
| Language: | Undetermined |
| LEADER | 00391nam a2200121Ia 4500 | ||
|---|---|---|---|
| 001 | 129396 | ||
| 008 | 170722s9999 xx 000 0 und d | ||
| 020 | |a 063121741x1 | ||
| 100 | |a Craig, Wendy | ||
| 245 | |a Childhood social development; The essentialreadings. / | ||
| 942 | |c GEN | ||
| 999 | |c 122143 |d 122143 | ||
| 952 | |0 0 |1 0 |4 0 |6 S_197_PO |7 0 |9 172707 |a LIB |b LIB |d 2017-08-12 |o S1:97 pO |p 239306 |r 2017-08-12 |w 2017-08-12 |y GEN | ||